000 00663nam a22001937a 4500
999 _c166543
_d166543
005 20190726173341.0
010 _aUR-10300
020 _c300.00
_a9789388356497
035 _aU-8855
037 _bDBAD/PUB
082 _a841
100 _aعبد المنا ن طر زی
245 _aتو شيحی نظميں
_cعبد المنا ن طر زی
246 _bTausheehi Nazmein (Urdu)
_aby Abdul Mannan Tarzi
260 _a Delhi
_bEducational Publishing House
_c2018 ء
270 _a3191,Vakil Street,Kucha Pandit Lal Kuan,
_bDelhi
_e110006
_k23216162
_l0091-1123211540
300 _a272 ص
_c22 Cm(Hb)
942 _2ddc
_cUR
_h841
_mط ر ز